000 00333pab a2200145 454500
008 180718b1997 xxu||||| |||| 00| 0 eng d
100 _aEberstadt, Nicholas
245 _aWorld population implosion?
260 _c1997
300 _ap.3-22
362 _aFall
650 _aPopulation
773 _aPublic Interest
909 _a35735
999 _c35735
_d35735